The venture capital cycle (Record no. 589223)
[ view plain ]
| 000 -LEADER | |
|---|---|
| fixed length control field | 00715cam a22002174a 4500 |
| 020 ## - INTERNATIONAL STANDARD BOOK NUMBER | |
| International Standard Book Number | 0262071940 (alk. paper) |
| 082 00 - DEWEY DECIMAL CLASSIFICATION NUMBER | |
| Classification number | 332.0415/0973 |
| 100 1# - MAIN ENTRY--PERSONAL NAME | |
| Personal name | Gompers, Paul A. |
| 245 14 - TITLE STATEMENT | |
| Title | The venture capital cycle |
| Statement of responsibility, etc. | Paul A. Gompers and Josh Lerner. |
| 260 ## - PUBLICATION, DISTRIBUTION, ETC. | |
| Place of publication, distribution, etc. | Cambridge Mass. : |
| Name of publisher, distributor, etc. | MIT Press, |
| Date of publication, distribution, etc. | c1999. |
| 300 ## - PHYSICAL DESCRIPTION | |
| Extent | ix, 375 p. : |
| Other physical details | ill. ; |
| Dimensions | 24 cm. |
| 504 ## - BIBLIOGRAPHY, ETC. NOTE | |
| Bibliography, etc. note | Includes bibliographical references (p. [351]-364) and indexes. |
| 563 ## - BINDING INFORMATION | |
| Binding note | H.B |
| 650 #0 - SUBJECT ADDED ENTRY--TOPICAL TERM | |
| Topical term or geographic name entry element | Venture capital |
| 700 1# - ADDED ENTRY--PERSONAL NAME | |
| Personal name | Lerner, Joshua. |
| 942 ## - ADDED ENTRY ELEMENTS (KOHA) | |
| Source of classification or shelving scheme | |
| Koha item type | Book |
| 650 #0 - SUBJECT ADDED ENTRY--TOPICAL TERM | |
| -- | 84979 |
| 650 #0 - SUBJECT ADDED ENTRY--TOPICAL TERM | |
| -- | 1850 |
| 700 1# - ADDED ENTRY--PERSONAL NAME | |
| -- | 91032 |
| Withdrawn status | Lost status | Source of classification or shelving scheme | Damaged status | Not for loan | Permanent Location | Current Location | Date acquired | Full call number | Barcode | Date last seen | Price effective from | Koha item type |
|---|---|---|---|---|---|---|---|---|---|---|---|---|
| Central Library (CL) | Central Library (CL) | 04/19/2022 | 332.0415097 GOM | CL-D-1688 | 07/04/2025 | 04/19/2022 | Book |
